000 00510 a2200169 4500
020 _a3528057548
040 _aDLC
082 _a658.84
245 0 0 _aElectronic banking : the ultimate guide to business and technology of online banking
_cSCN Education B.V.
260 _aBraunschweig :
_bVieweg,
_c2001.
300 _a204 p. :
_bill. ;
_c25 cm.
440 0 _aHOTT guide.
650 0 _aElectronic funds transfer.
650 0 _aBanks and banking.
710 2 _aSCN Education B.V.
942 _cBK
_k658.84 SCN
_2ddc
999 _c8679
_d8679